| 000 | 00534nam a2200205 a 4500 | ||
|---|---|---|---|
| 999 |
_c4852 _d4852 |
||
| 003 | BD-JhCC | ||
| 005 | 20171204174506.0 | ||
| 008 | 171204s19341962e |||| || | 000 0 eng d | ||
| 035 | _a(BD-JhCC) | ||
| 040 |
_aBD-JhCC _dBD-JhCC |
||
| 041 | _aeng | ||
| 082 |
_a901 _bTOY 1962 |
||
| 100 | _aToynbee, Arnold J. | ||
| 245 |
_aA Study of History / _cArnold J. Toynbee, |
||
| 260 |
_aLondon : _bOxford University Press, _c1962. |
||
| 300 |
_a452 p. : _c20 cm. |
||
| 650 |
_aHistory _xCivilization |
||
| 942 |
_2ddc _cBK |
||